[Event "MetroWest Memorial op"]
[Site "Natick"]
[Date "2014.09.23"]
[Round "4.5"]
[White "Khater, Ali"]
[Black "Wetzell, Rolf"]
[Result "1/2-1/2"]
[WhiteElo "1589"]
[BlackElo "2005"]
[PlyCount "116"]
[EventDate "2014.09.02"]
[EventType "swiss"]
[EventRounds "5"]
[EventCountry "USA"]
[SourceTitle "EXT 2023"]
[Source "ChessBase"]
[SourceDate "2022.10.05"]
[SourceVersion "1"]
[SourceVersionDate "2022.10.05"]
[SourceQuality "1"]

1. d4 d5 2. Nf3 Nf6 3. e3 e6 4. c3 c5 5. Bd3 Nc6 6. 0-0 Bd6 7. Nbd2 0-0 8. Re1 e5 9. dxe5 Nxe5 10. Nxe5 Bxe5 11. Nf3 Bc7 12. h3 Re8 13. Bd2 Ne4 14. Qc2 g5 15. Bxe4 dxe4 16. Nh2 Qd6 17. Nf1 c4 18. Rad1 Qe5 19. Bc1 h5 20. Rd4 b5 21. Red1 Bb7 22. Qe2 h4 23. Qh5 Re6 24. Rd7 Rf8 25. b3 Bc6 26. Rxc7 Qxc7 27. Qxg5+ Rg6 28. Qxh4 Kg7 29. Ng3 f5 30. Ba3 Rf7 31. Nh5+ Kh7 32. Nf6+ Kg7 33. Nh5+ Kh7 34. Bd6 Rxd6 35. Ng3+ Rh6 36. Qg5 Rd6 37. Qh5+ Kg8 38. Rb1 Qd7 39. bxc4 a6 40. cxb5 axb5 41. c4 Rh7 42. Qe2 Rd2 43. Qf1 b4 44. c5 Rf7 45. Nh5 Kh7 46. Kh2 Kh6 47. Nf4 Bb5 48. Qe1 Rxa2 49. Rxb4 Bc6 50. Rd4 Qb7 51. Rd6+ Kh7 52. Qd1 Ra8 53. Rg6 Kh8 54. Qh5+ Rh7 55. Qxf5 Ba4 56. Qf6+ Rg7 57. Rh6+ Kg8 58. Qe6+ Qf7 1/2-1/2